<?xml version="1.0" encoding="UTF-8"?>
<record
    xmlns:xsi="http://www.w3.org/2001/XMLSchema-instance"
    xsi:schemaLocation="http://www.loc.gov/MARC21/slim http://www.loc.gov/standards/marcxml/schema/MARC21slim.xsd"
    xmlns="http://www.loc.gov/MARC21/slim">

  <leader>01744nam a2200277 a 4500</leader>
  <controlfield tag="008">150204s2013    ||||||||||||||||| ||    u</controlfield>
  <datafield tag="020" ind1=" " ind2=" ">
    <subfield code="a">9780702047299</subfield>
  </datafield>
  <datafield tag="050" ind1=" " ind2=" ">
    <subfield code="a">RC 76 Mac</subfield>
  </datafield>
  <datafield tag="100" ind1=" " ind2=" ">
    <subfield code="a">Robertson, Colin</subfield>
  </datafield>
  <datafield tag="245" ind1="1" ind2="0">
    <subfield code="a">Macleod's clinical examination. (13th ed.)</subfield>
    <subfield code="c">Edited by Graham Douglas, Fiona Nicol [and] Colin Robertson</subfield>
  </datafield>
  <datafield tag="250" ind1=" " ind2=" ">
    <subfield code="a">13th ed.</subfield>
  </datafield>
  <datafield tag="260" ind1=" " ind2=" ">
    <subfield code="a">Edinburgh</subfield>
    <subfield code="b">Churchill Livingstone/Elsevier</subfield>
    <subfield code="c">2013</subfield>
  </datafield>
  <datafield tag="300" ind1=" " ind2=" ">
    <subfield code="a">xvii, 451p.: ill.</subfield>
  </datafield>
  <datafield tag="350" ind1=" " ind2=" ">
    <subfield code="a">68.95</subfield>
  </datafield>
  <datafield tag="650" ind1=" " ind2=" ">
    <subfield code="a">MEDICAL HISTORY TAKING</subfield>
  </datafield>
  <datafield tag="650" ind1=" " ind2="0">
    <subfield code="a">PHYSICAL DIAGNOSIS</subfield>
  </datafield>
  <datafield tag="650" ind1=" " ind2=" ">
    <subfield code="a">PHYSICAL EXAMINATION</subfield>
  </datafield>
  <datafield tag="700" ind1=" " ind2=" ">
    <subfield code="a">Nicol, Fiona</subfield>
  </datafield>
  <datafield tag="700" ind1=" " ind2=" ">
    <subfield code="a">Douglas, Graham</subfield>
  </datafield>
  <datafield tag="995" ind1=" " ind2=" ">
    <subfield code="a">MEDICAL LIBRARY OPEN ACCESS</subfield>
    <subfield code="e">903164</subfield>
    <subfield code="F">CBU-SCHOOL OF MEDICINE LIBRARY (Ndola)</subfield>
    <subfield code="I">68.95</subfield>
    <subfield code="j">RC 76 Mac</subfield>
    <subfield code="M">6</subfield>
    <subfield code="U">AVAILABLE</subfield>
    <subfield code="W">Sep 17, 2015</subfield>
    <subfield code="y">903164</subfield>
    <subfield code="Z">Medical Library Open Access Collection</subfield>
  </datafield>
  <datafield tag="995" ind1=" " ind2=" ">
    <subfield code="a">MEDICAL LIBRARY OPEN ACCESS</subfield>
    <subfield code="e">902589</subfield>
    <subfield code="F">CBU-SCHOOL OF MEDICINE LIBRARY (Ndola)</subfield>
    <subfield code="I">68.95</subfield>
    <subfield code="j">RC 76 Mac</subfield>
    <subfield code="M">5</subfield>
    <subfield code="U">AVAILABLE</subfield>
    <subfield code="W">Feb 13, 2015</subfield>
    <subfield code="y">902589</subfield>
    <subfield code="Z">Medical Library Open Access Collection</subfield>
  </datafield>
  <datafield tag="995" ind1=" " ind2=" ">
    <subfield code="a">MEDICAL LIBRARY OPEN ACCESS</subfield>
    <subfield code="e">902586</subfield>
    <subfield code="F">CBU-SCHOOL OF MEDICINE LIBRARY (Ndola)</subfield>
    <subfield code="I">68.95</subfield>
    <subfield code="j">RC 76 Mac</subfield>
    <subfield code="M">2</subfield>
    <subfield code="U">AVAILABLE</subfield>
    <subfield code="W">Feb 13, 2015</subfield>
    <subfield code="y">902586</subfield>
    <subfield code="Z">Medical Library Open Access Collection</subfield>
  </datafield>
  <datafield tag="995" ind1=" " ind2=" ">
    <subfield code="a">MEDICAL LIBRARY OPEN ACCESS</subfield>
    <subfield code="e">902587</subfield>
    <subfield code="F">CBU-SCHOOL OF MEDICINE LIBRARY (Ndola)</subfield>
    <subfield code="I">68.95</subfield>
    <subfield code="j">RC 76 Mac</subfield>
    <subfield code="M">3</subfield>
    <subfield code="U">OUT</subfield>
    <subfield code="W">Feb 13, 2015</subfield>
    <subfield code="y">902587</subfield>
    <subfield code="Z">Medical Library Open Access Collection</subfield>
  </datafield>
  <datafield tag="995" ind1=" " ind2=" ">
    <subfield code="a">MEDICAL LIBRARY OPEN ACCESS</subfield>
    <subfield code="e">902585</subfield>
    <subfield code="F">CBU-SCHOOL OF MEDICINE LIBRARY (Ndola)</subfield>
    <subfield code="I">68.95</subfield>
    <subfield code="j">RC 76 Mac</subfield>
    <subfield code="M">1</subfield>
    <subfield code="U">OUT</subfield>
    <subfield code="W">Feb 13, 2015</subfield>
    <subfield code="y">902585</subfield>
    <subfield code="Z">Medical Library Open Access Collection</subfield>
  </datafield>
  <datafield tag="995" ind1=" " ind2=" ">
    <subfield code="a">MICHAEL CHILUFYA SATA OPEN ACCESS</subfield>
    <subfield code="e">902588</subfield>
    <subfield code="F">CBU-SCHOOL OF MEDICINE LIBRARY (Ndola)</subfield>
    <subfield code="I">68.95</subfield>
    <subfield code="j">RC 76 Mac</subfield>
    <subfield code="M">4</subfield>
    <subfield code="U">AVAILABLE</subfield>
    <subfield code="W">Feb 13, 2015</subfield>
    <subfield code="y">902588</subfield>
    <subfield code="Z">Medical Library Open Access Collection</subfield>
  </datafield>
  <datafield tag="999" ind1=" " ind2=" ">
    <subfield code="c">77387</subfield>
    <subfield code="d">77387</subfield>
  </datafield>
</record>
